000 00960cam a22002414a 4500
005 20260311200056.0
008 000605s2000 enk b 001 0 eng
020 _a0826450385
020 _a9780826450388
040 _aKABLIB
_cKABLIB
_erda
082 0 0 _a320.94
_223
_bPRI
100 1 _aPridham, Geoffrey,
_d1942-
_915720
245 1 4 _aThe dynamics of democratization :
_ba comparative approach /
_cGeoffrey Pridham.
260 _aLondon ;
_aNew York :
_bContinuum,
_cc2000.
300 _aviii, 330 p. ;
_c24 cm.
504 _aIncludes bibliographical references, index.
650 0 _aDemocratization
_zEurope.
_915721
650 0 _aPost-communism
_zEurope.
_915722
651 0 _aEurope
_xPolitics and government
_y1989-
_915723
856 4 2 _3Contributor biographical information
_uhttp://www.loc.gov/catdir/enhancements/fy1213/00043137-b.html
856 4 2 _3Publisher description
_uhttp://www.loc.gov/catdir/enhancements/fy1213/00043137-d.html
942 _2ddc
_cBOOK
999 _c6183
_d6183